Central Library OPAC University of Rajshahi

Income-Tax : law and practice (Record no. 46032)

MARC details
000 -LEADER
fixed length control field 00612nam a22002057a 4500
001 - CONTROL NUMBER
control field 46032
003 - CONTROL NUMBER IDENTIFIER
rucl marc code BD-RjUL
005 - DATE AND TIME OF LATEST TRANSACTION
control field 20211209054111.0
008 - FIXED-LENGTH DATA ELEMENTS--GENERAL INFORMATION
fixed length control field 160730b1969 bg ||||| |||| 00| 0 eng d
035 ## - SYSTEM CONTROL NUMBER
System control number (BD-RjUL) 46150
040 ## - CATALOGING SOURCE
Original cataloging agency BD-RjUL
Language of cataloging eng
Transcribing agency BD-RjUL
Modifying agency BD-RjUL
041 ## - LANGUAGE CODE
Language code of text/sound track or separate title eng
082 ## - DEWEY DECIMAL CLASSIFICATION NUMBER
Edition number 23
Classification number 343.41052
Author mark and year SHI 1969
100 ## - MAIN ENTRY--PERSONAL NAME
Personal name Shahadatullah,A.H.
9 (RLIN) 140728
245 ## - TITLE STATEMENT
Title Income-Tax : law and practice
Remainder of title law and practice /
Statement of responsibility, etc. Shahadatullah,A.H.
260 ## - PUBLICATION, DISTRIBUTION, ETC. (IMPRINT)
Place of publication, distribution, etc. Dacca :
Name of publisher, distributor, etc. A.B. Publication,
Date of publication, distribution, etc. 1969
300 ## - PHYSICAL DESCRIPTION
Pagination iv,448p. ;
Size 23cm.
650 ## - SUBJECT ADDED ENTRY--TOPICAL TERM
General subdivision income tax -- Law and legislation.
9 (RLIN) 140729
942 ## - ADDED ENTRY ELEMENTS (KOHA)
Source of classification or shelving scheme Dewey Decimal Classification
Koha item type Books
Holdings
Lost status Source of classification or shelving scheme Damaged status Not for loan Collection code Permanent Location Current Location Shelving location Date acquired Source of acquisition Cost, normal purchase price Total Checkouts Full call number Date last seen Copy number Koha item type
  Dewey Decimal Classification     Non-fiction Central Library, University of Rajshahi Central Library, University of Rajshahi   29/10/1969 Warsi book co. Dhaka 15.00   343.41052 SHI 1969 30/07/2016 C-2 Books
  Dewey Decimal Classification     Non-fiction Central Library, University of Rajshahi Central Library, University of Rajshahi   29/10/1969 Warsi book co. Dhaka 15.00   343.41052 SHI 1969 30/07/2016 C-3 Books